LEADER 01131nam a2200253 i 4500 001 000000079100 003 CaOOAMICUS 005 20200729084802.0 008 170323s1862 it u000 u ita u 013 $a51337 040 $aSeMil$bita 100 1 $aMonnier, Marc <1827-1885>.$0(OLS)http://semarc/name/91151 245 10$aHistoire du brigandage dans l'histoire méridionale /$cpar Marc-Monnier. 260 $aParis :$bMichel Lévy frères,$c1862. 300 $a255 p. ;$c19 cm. 490 0 $aBibliothèque nouvelle : religion, histoire, sciences, littérature 650 4$aBrigantaggio - Italia - Sec. 19.$0(OLS)http://semarc/subject/32843 650 4$aBrigantaggio - Italia meridionale - Storia.$0(OLS)http://semarc/subject/44735 830 0$aBibliothèque nouvelle.$0(OLS)http://semarc/title/430308 850 $aSeMil 852 $aSeMil$W1$xVenegono$y1$m3S II 90 FA$j44860$B44860$CSeMilBibl$Z2$F46696 $8I 996 $6245$aHistoire du brigandage dans l'histoire méridionale$9(OLS)http://semarc/title/403133 996 $6260$aParis :$bMichel Lévy frères$9(OLS)http://semarc/publisher/36634 LEADER 01071nam a2200265 i 4500 001 000000108218 003 CaOOAMICUS 005 20101215000000.0 008 101215s1946 it u000 u ita u 013 $a80857 040 $aSeMil$bita 100 1 $aJoppolo, Beniamino <1906-1963>.$0(OLS)http://semarc/name/27232 245 10$aGiacomo Manzù /$cBeniamino Joppolo. 260 $aMilano :$bUlrico Hoepli,$c1946. 300 $a22 p., 32 c. di tav. :$bill. ;$c17 cm. 490 0 $aArte moderna italiana ;$v46 490 0 $aArte moderna italiana. Serie B, Scultori ;$v9 500 $aEd. di 2100 esempl. num. 830 0$aArte moderna italiana ;$v46.$0(OLS)http://semarc/title/21108 830 0$aArte moderna italiana. Serie B, Scultori ;$v9.$0(OLS)http://semarc/title/22706 850 $aSeMil 852 $aSeMil$W1$xVenegono$y1$m5M I 69$j64314$B64314$CSeMilBibl$Z2$F158174 $81 961 $aOmaggio: Calcaterra don Carlo 996 $6245$aGiacomo Manzù$9(OLS)http://semarc/title/156864 996 $6260$aMilano :$bUlrico Hoepli$9(OLS)http://semarc/publisher/29765